| 000 | 00412nam a2200145Ia 4500 | ||
|---|---|---|---|
| 008 | 150201s1982 xx 000 0 und d | ||
| 082 |
_aMINERAL ASPECTS OF DENTISTRY _bM1982D |
||
| 100 | _aDRIESSENS,C.M. | ||
| 245 | _aMINERAL ASPECTS OF DENTISTRY | ||
| 250 | _a1ST | ||
| 260 |
_bKARGER PUBLISHING _aBASEL(SWITZERLAND) _c1982 |
||
| 300 | _a1-215 | ||
| 650 | _aPREVENTIVE AND COMMUNITY DENTISTRY | ||
| 942 |
_2ddc _cBK |
||
| 999 |
_c3134 _d3134 |
||